Jeux de familles

Αποθηκεύτηκε σε:
Λεπτομέρειες βιβλιογραφικής εγγραφής
Κύριος συγγραφέας: Abeles, Marc
Άλλοι συγγραφείς: Segalen, Martine (Επιμελητής έκδοσης)
Μορφή: Βιβλίο
Γλώσσα:French
Δημοσίευση: Paris : CNRS, 1991
Θέματα:
Ετικέτες: Προσθήκη ετικέτας
Δεν υπάρχουν, Καταχωρήστε ετικέτα πρώτοι!

MARC

LEADER 00000nam a2200000 i 4500
001 1/7456
008 960807s1991 fre d
020 |a 2-87682-053-6 
035 |l 10016710 
040 |a GR-MY-UA  |b gre  |e aacr 
041 0 |a fre 
082 0 |a 306.850944 
100 1 |a Abeles, Marc. 
245 1 0 |a Jeux de familles /  |c Preface d'Alain Girard ; Textes de Marc Abeles...[et. al.] ; Rassembles et introduits par Martine Segalen 
260 |a Paris :   |b CNRS,   |c 1991 
300 |a 237 p.  |b tabl. 
650 0 0 |a Family  |z France. 
650 0 0 |a Family. 
700 1 |a Segalen, Martine.  |4 edt 
852 |a INST  |b LESVOS  |e 19960807  |h 306.850944 JEU  |p 005100009390  |q 005100009390  |t BK  |y 0 
909 |a Λ  |b 033969 
922 |a 1ΔΩΡ  |b 199312  |c ΤΚΑ